Statistics for BBC Doctors Quiz

Click here to take the quiz!

General Stats

  • This quiz has been taken 27 times
  • The average score is 8 of 20

Answer Stats

QuestionAnswer% Correct
Where is the second practice located?Letherbridge University Campus
84%
Who is Gobby Hollins married to?Rob
79%
Where is Doctors set?Letherbridge
74%
What is 'Gobby Hollins' first name?Karen
68%
What is the name of the main practice?Mill Health Centre
63%
What is the name of the bar that the characters love and that Jimmi and Al briefly owned?Icon
63%
What year did Doctors start?2000
58%
In which UK city is Doctors filmed?Birmingham
58%
What happened to this first surgery?Explosion
53%
What was Mrs Tembe's first name?Winifred
47%
What are Gobby Hollins' children called?Jack and Imogen
37%
Ronnie and George Woodson had a daughter. What was her name?Bracken
32%
George Woodson was a doctor in the show but what was Ronnie's job?Solicitor
32%
What is the name of the locum nurse who often appears in Doctors but has never said a word?Tash
32%
What is the name of the rival practice which the characters in Doctors frequently refer to?Sutton Vale
11%
What was the name of the original surgery in which Doctors was set?Riverside Health Centre
11%
In 2006, Doctors was the first British TV programme to show....Same-sex wedding
5%
In 2009, Vivien March left Doctors. Where did she move to?Caribbean
5%
In 2019, Jimmi went to prison. What was the prison called?HMP Letherbank
5%
Ayesha Lee has a sister and a half-sister, what are their names?Sierra Deb
0%

Score Distribution

Percentile by Number Answered

Percent of People with Each Score

Your Score History

You have not taken this quiz